00505nam a2200169 a 4500008004100000020001500041050001700056100002100073245006200094250001200156260004200168300002100210350000900231500004000240650003600280700001900316060316s1981 ||||||||||||||||| || u a0471058971 aTA 683.2 Fer aFerguson, Phil M10aReinforced concrete fundamentals : SI version . (4th ed.) a4th ed. aNew York :bJohn Wiley and Sonsc1981 ax, 694 p. : ill. a0.00 aIncludes bibliographical references aREINFORCED CONCRETE CONTRUCTION aCowan, Henry J